| 000 | 00613nam a2200217Ia 4500 | ||
|---|---|---|---|
| 005 | 20250508163033.0 | ||
| 008 | 008 250505s9999 xx 000 0 eng d | ||
| 020 | _a0-86232-177-8 | ||
| 037 | _aTextual | ||
| 040 |
_aFEDL _beng _cFEDL |
||
| 041 |
_aeng _2eng |
||
| 084 |
_a305.4, KIS _qFEDL |
||
| 100 | _aKishwar Madhu Ed. | ||
| 245 | 0 | _aIn search of answers : Indian women's voices from manushi | |
| 260 |
_aLondon, UK _bZed Books _c1984 |
||
| 300 | _a312p. | ||
| 650 | _aSocial Structure | ||
| 700 |
_a Vanita Ruth Ed. _9774596 |
||
| 942 |
_cTEXL _h305.4, KIS |
||
| 999 |
_c1380427 _d1380427 |
||